00686nam a2200145Ia 450000500170000000800390001702000180005608200160007410000190009024500570010926000290016630000140019552003060020965000250051520260225135611.0260225s9999 xx 000 0 und d a9780415378024 a338.74bHAN aHannah, Leslie 0aThe Rise of the Corporate Economy / cHannah, Leslie bTaylor & Francis, c2005 a268 pages aLooks at the story of how large corporations have superseded the small competing firms of the nineteenth century. Students of business, economic history and industrial economics will find this book a useful contribution to the debate on the evolution and control of the corporate manufacturing sector. aBusiness & Economics